[Event "TOP16-LaBourdannais"]
[Site "TOP16-LaBourdannais"]
[Date "2021.01.09"]
[Round "4"]
[White "MeMouss"]
[Black "Pierre35"]
[Result "1/2-1/2"]
[WhiteElo "2007"]
[BlackElo "1892"]
[Annotator "NA RC"]
[PlyCount "104"]
[EventDate "2021.01.09"]
[EventType "blitz"]
[WhiteTeam "Vandoeuvre"]

{Me Mouss , Maître} 1. e4 {[%emt 0:00:04]} e5 {[%emt 0:00:05]} 2. Nf3 {[%emt 0:00:02]} Nc6 {[%emt 0:00:02]} 3. Bc4 {[%emt 0:00:02]} Nf6 {[%emt 0:00:03]} 4. Ng5 {[%emt 0:00:02]} d5 {[%emt 0:00:03]} 5. exd5 {[%emt 0:00:01]} Na5 {[%emt 0:00:02]} 6. Bb5+ {[%emt 0:00:01]} c6 {[%emt 0:00:02]} 7. dxc6 {[%emt 0:00:01]} bxc6 {[%emt 0:00:00]} 8. Bd3 {[%emt 0:00:01]} Nd5 {[%emt 0:00:08]} 9. Nf3 {[%emt 0:00:11]} Bd6 {[%emt 0:00:05]} 10. O-O {[%emt 0:00:02]} O-O {[%emt 0:00:03]} 11. Re1 {[%emt 0:00:02]} Bg4 {[%emt 0:00:13]} 12. h3 {[%emt 0:00:02]} Bh5 {[%emt 0:00:01]} 13. Nc3 {[%emt 0:00:29]} Nf4 {[%emt 0:00:11]} 14. Bf1 {[%emt 0:00:04]} f5 {[%emt 0:00:14]} 15. d3 {[%emt 0:00:03]} Nd5 {[%emt 0:00:44]} 16. Nxd5 {[%emt 0:00:05]} cxd5 {[%emt 0:00:03]} 17. Be2 {[%emt 0:00:00]} Nc6 {[%emt 0:00:11]} 18. Ng5 {[%emt 0:00:04]} Bxe2 {[%emt 0:00:04]} 19. Qxe2 {[%emt 0:00:04]} Nd4 {[%emt 0:00:03]} 20. Qd1 {[%emt 0:00:01]} h6 {[%emt 0:01:05]} 21. Nf3 {[%emt 0:00:04]} Nxf3+ {[%emt 0:00:02]} 22. Qxf3 {[%emt 0:00:02]} e4 {[%emt 0:00:01]} 23. dxe4 {[%emt 0:00:05]} dxe4 {[%emt 0:00:20]} 24. Qb3+ {[%emt 0:00:09]} Kh7 {[%emt 0:00:01]} 25. Bd2 {[%emt 0:00:06]} Rb8 {[%emt 0:00:11]} 26. Qc3 {[%emt 0:00:03]} Rc8 {[%emt 0:00:09]} 27. Qb3 {[%emt 0:00:05]} Bh2+ {[%emt 0:00:10]} 28. Kxh2 {[%emt 0:00:03]} Qxd2 {[%emt 0:00:00]} 29. Kg1 {[%emt 0:00:05]} Qxc2 {[%emt 0:00:02]} 30. Qxc2 {[%emt 0:00:04]} Rxc2 {[%emt 0:00:00]} 31. b4 {[%emt 0:00:05]} Rd8 {[%emt 0:00:04]} 32. Red1 {[%emt 0:00:04]} Rxd1+ {[%emt 0:00:04]} 33. Rxd1 {[%emt 0:00:03]} Rxa2 {[%emt 0:00:01]} 34. Rd5 {[%emt 0:00:06]} Kg6 {[%emt 0:00:12]} 35. g4 {[%emt 0:00:06]} f4 {[%emt 0:00:30]} 36. Re5 {[%emt 0:00:04]} Re2 {[%emt 0:00:04]} 37. h4 {[%emt 0:00:03]} e3 {[%emt 0:00:48]} 38. fxe3 {[%emt 0:00:08]} fxe3 {[%emt 0:00:20]} 39. Re6+ {[%emt 0:00:06]} Kf7 {[%emt 0:00:03]} 40. Ra6 {[%emt 0:00:03]} Rb2 {[%emt 0:00:08]} 41. Rxa7+ {[%emt 0:00:01]} Kf6 {[%emt 0:00:01]} 42. g5+ {[%emt 0:00:03]} hxg5 {[%emt 0:00:02]} 43. hxg5+ {[%emt 0:00:02]} Kf5 {[%emt 0:00:01]} 44. Kf1 {[%emt 0:00:04]} g6 {[%emt 0:00:12]} 45. Re7 {[%emt 0:00:07]} Kf4 {[%emt 0:00:02]} 46. Re6 {[%emt 0:00:03]} Rxb4 {[%emt 0:00:23]} 47. Rxg6 {[%emt 0:00:04]} Kf5 {[%emt 0:00:02]} 48. Rf6+ {[%emt 0:00:04]} Kxg5 {[%emt 0:00:01]} 49. Rf8 {[%emt 0:00:02]} Rf4+ {[%emt 0:00:02]} 50. Rxf4 {[%emt 0:00:02]} Kxf4 {[%emt 0:00:00]} 51. Ke2 {[%emt 0:00:01]} Ke4 {[%emt 0:00:01]} 52. Ke1 {[%emt 0:00:13]} Kf3 {[%emt 0:00:00] Pierre35 offers a draw} 1/2-1/2

[Event "TOP16-LaBourdannais"]
[Site "TOP16-LaBourdannais"]
[Date "2021.01.09"]
[Round "4"]
[White "Brunico2016"]
[Black "Risso"]
[Result "1/2-1/2"]
[WhiteElo "1878"]
[BlackElo "1948"]
[Annotator "NA RC"]
[PlyCount "48"]
[EventDate "2021.01.09"]
[EventType "blitz"]

1. d4 {[%emt 0:00:02]} Nf6 {[%emt 0:00:03]} 2. c4 {[%emt 0:00:02]} g6 {[%emt 0:00:00]} 3. Nc3 {[%emt 0:00:02]} d5 {[%emt 0:00:00]} 4. Nf3 {[%emt 0:00:05]} Bg7 {[%emt 0:00:02]} 5. cxd5 {[%emt 0:00:01]} Nxd5 {[%emt 0:00:00]} 6. e4 {[%emt 0:00:01]} Nxc3 {[%emt 0:00:01]} 7. bxc3 {[%emt 0:00:01]} c5 {[%emt 0:00:00]} 8. Be3 {[%emt 0:00:01]} Qa5 {[%emt 0:00:02]} 9. Qd2 {[%emt 0:00:01]} O-O {[%emt 0:00:02]} 10. Rc1 {[%emt 0:00:02]} Bg4 {[%emt 0:00:02]} 11. d5 {[%emt 0:00:10]} Na6 {[%emt 0:00:02]} 12. Be2 {[%emt 0:00:10]} c4 {[%emt 0:00:50]} 13. Nd4 {[%emt 0:01:05]} Bxe2 {[%emt 0:00:06]} 14. Qxe2 {[%emt 0:00:04]} Nc5 {[%emt 0:00:56]} 15. Qxc4 {[%emt 0:00:40]} Rac8 {[%emt 0:00:02]} 16. Nc6 {[%emt 0:00:39]} bxc6 {[%emt 0:00:45]} 17. Qxc5 {[%emt 0:00:01]} Qxc5 {[%emt 0:00:19]} 18. Bxc5 {[%emt 0:00:01]} cxd5 {[%emt 0:00:01]} 19. Bxe7 {[%emt 0:00:32]} Rfe8 {[%emt 0:00:05]} 20. Bb4 {[%emt 0:00:01]} Rxe4+ {[%emt 0:00:27]} 21. Kd1 {[%emt 0:00:01]} d4 {[%emt 0:00:51]} 22. f3 {[%emt 0:00:04]} Re3 {[%emt 0:00:40]} 23. cxd4 {[%emt 0:00:10]} Rxc1+ {[%emt 0:00:23]} 24. Kxc1 {[%emt 0:00:01]} Bxd4 {[%emt 0:00:01] Risso offers a draw (Lag: Av=0.28s, max=0.6s)} 1/2-1/2

[Event "TOP16-LaBourdannais"]
[Site "TOP16-LaBourdannais"]
[Date "2021.01.09"]
[Round "4"]
[White "maten3coups"]
[Black "SFeller"]
[Result "0-1"]
[WhiteElo "1711"]
[BlackElo "1750"]
[Annotator "NA RC"]
[PlyCount "68"]
[EventDate "2021.01.09"]
[EventType "blitz"]

1. e4 {[%emt 0:00:21]} c5 {[%emt 0:00:03]} 2. Nf3 {[%emt 0:00:04]} d6 {[%emt 0:00:01]} 3. d4 {[%emt 0:00:18]} cxd4 {[%emt 0:00:00]} 4. Qxd4 {[%emt 0:00:00]} Nc6 {[%emt 0:00:10]} 5. Bb5 {[%emt 0:00:03]} Bd7 {[%emt 0:00:01]} 6. Bxc6 {[%emt 0:00:02]} Bxc6 {[%emt 0:00:00]} 7. Nc3 {[%emt 0:00:01]} Nf6 {[%emt 0:00:08]} 8. Bg5 {[%emt 0:00:05]} Qb6 {[%emt 0:00:01]} 9. Bxf6 {[%emt 0:01:33]} gxf6 {[%emt 0:00:04]} 10. O-O-O {[%emt 0:00:08]} Qxd4 {[%emt 0:00:19]} 11. Nxd4 {[%emt 0:00:00]} Rg8 {[%emt 0:00:01]} 12. g3 {[%emt 0:00:04]} e6 {[%emt 0:00:08]} 13. f4 {[%emt 0:00:02]} a6 {[%emt 0:00:09]} 14. f5 {[%emt 0:00:03]} Bd7 {[%emt 0:00:01]} 15. Rhf1 {[%emt 0:00:25]} Ke7 {[%emt 0:00:18]} 16. b3 {[%emt 0:00:06]} h5 {[%emt 0:00:03]} 17. Kb2 {[%emt 0:00:07]} h4 {[%emt 0:00:09]} 18. Rf3 {[%emt 0:00:12]} hxg3 {[%emt 0:00:02]} 19. hxg3 {[%emt 0:00:05]} Bh6 {[%emt 0:00:12]} 20. Rfd3 {[%emt 0:00:22]} Rad8 {[%emt 0:00:11]} 21. Nce2 {[%emt 0:00:14]} Rg4 {[%emt 0:00:06]} 22. Nc3 {[%emt 0:00:10]} Bc8 {[%emt 0:01:15]} 23. a4 {[%emt 0:00:25]} Bd7 {[%emt 0:00:04]} 24. Rh1 {[%emt 0:00:16] SFeller reconnected. SFeller reconnected.} Bg7 {[%emt 0:00:48]} 25. Rhd1 {[%emt 0:00:24]} Bc6 {[%emt 0:00:15]} 26. Re1 {[%emt 0:00:04]} Rh8 {[%emt 0:00:03]} 27. b4 {[%emt 0:00:27]} Bd7 {[%emt 0:00:03]} 28. Nce2 {[%emt 0:00:09]} Rc8 {[%emt 0:00:02]} 29. Kb3 {[%emt 0:00:07]} Rxe4 {[%emt 0:00:05]} 30. fxe6 {[%emt 0:00:08]} fxe6 {[%emt 0:00:00]} 31. Rh1 {[%emt 0:00:02]} e5 {[%emt 0:00:03]} 32. Rh7 {[%emt 0:00:06]} Kf7 {[%emt 0:00:03]} 33. Nc3 {[%emt 0:00:05]} Rxd4 {[%emt 0:00:01]} 34. Rf3 {[%emt 0:00:01]} Be6+ {[%emt 0:00:05] maten3coups abandonne (Lag: Av=3.74s, max=90.7s)} 0-1

[Event "TOP16-LaBourdannais"]
[Site "TOP16-LaBourdannais"]
[Date "2021.01.09"]
[Round "4"]
[White "Lyon-YOUNES"]
[Black "jncool68"]
[Result "1-0"]
[WhiteElo "1673"]
[BlackElo "2466"]
[Annotator "NA RC"]
[PlyCount "123"]
[EventDate "2021.01.09"]
[EventType "blitz"]

1. Nf3 {[%emt 0:00:05]} c5 {[%emt 0:00:03]} 2. c4 {[%emt 0:00:01]} Nc6 {[%emt 0:00:01]} 3. Nc3 {[%emt 0:00:01]} Nf6 {[%emt 0:00:03]} 4. g3 {[%emt 0:00:02]} e5 {[%emt 0:00:11]} 5. Bg2 {[%emt 0:00:03]} g6 {[%emt 0:00:00]} 6. d3 {[%emt 0:00:28]} Bg7 {[%emt 0:00:01]} 7. Bg5 {[%emt 0:00:12]} h6 {[%emt 0:00:04]} 8. Bxf6 {[%emt 0:00:13]} Qxf6 {[%emt 0:00:00]} 9. Nd2 {[%emt 0:00:10]} Qd8 {[%emt 0:00:43]} 10. Nde4 {[%emt 0:00:09]} d6 {[%emt 0:00:02]} 11. Nd5 {[%emt 0:00:13]} f5 {[%emt 0:00:05]} 12. Nec3 {[%emt 0:00:01]} O-O {[%emt 0:00:01]} 13. O-O {[%emt 0:00:01]} Rb8 {[%emt 0:00:41]} 14. Rb1 {[%emt 0:00:32]} Bd7 {[%emt 0:00:15]} 15. a3 {[%emt 0:00:16]} b6 {[%emt 0:00:01]} 16. b4 {[%emt 0:00:11]} Be8 {[%emt 0:00:03]} 17. e3 {[%emt 0:00:23]} Kh7 {[%emt 0:00:03]} 18. b5 {[%emt 0:00:17]} Ne7 {[%emt 0:00:05]} 19. a4 {[%emt 0:00:09]} g5 {[%emt 0:00:10]} 20. a5 {[%emt 0:00:26]} bxa5 {[%emt 0:00:04]} 21. Nxe7 {[%emt 0:00:25]} Qxe7 {[%emt 0:00:01]} 22. Nd5 {[%emt 0:00:01]} Qd8 {[%emt 0:00:05]} 23. Ra1 {[%emt 0:00:13]} e4 {[%emt 0:00:04]} 24. Ra2 {[%emt 0:00:22]} exd3 {[%emt 0:00:15]} 25. Qxd3 {[%emt 0:00:07]} Bg6 {[%emt 0:00:04]} 26. f4 {[%emt 0:00:21]} Re8 {[%emt 0:00:23]} 27. Re1 {[%emt 0:00:21]} Rb7 {[%emt 0:00:08]} 28. Nf6+ {[%emt 0:00:10]} Bxf6 {[%emt 0:00:11]} 29. Bxb7 {[%emt 0:00:00]} Re7 {[%emt 0:00:15]} 30. Bf3 {[%emt 0:00:09]} g4 {[%emt 0:00:07]} 31. Bg2 {[%emt 0:00:06]} h5 {[%emt 0:00:01]} 32. Rd2 {[%emt 0:00:06]} Re6 {[%emt 0:00:01]} 33. Bd5 {[%emt 0:00:04]} Re7 {[%emt 0:00:01]} 34. e4 {[%emt 0:00:03]} Bd4+ {[%emt 0:00:01]} 35. Kg2 {[%emt 0:00:03]} Qe8 {[%emt 0:00:10]} 36. Rde2 {[%emt 0:00:02]} Qf8 {[%emt 0:00:37]} 37. exf5 {[%emt 0:00:03]} Rxe2+ {[%emt 0:00:01]} 38. Rxe2 {[%emt 0:00:07]} Bxf5 {[%emt 0:00:17]} 39. Be4 {[%emt 0:00:03]} Bxe4+ {[%emt 0:00:19]} 40. Qxe4+ {[%emt 0:00:04]} Kg7 {[%emt 0:00:00]} 41. Qb7+ {[%emt 0:00:04]} Kh6 {[%emt 0:00:05]} 42. Re6+ {[%emt 0:00:04]} Bf6 {[%emt 0:00:05]} 43. Qe4 {[%emt 0:00:05]} Kg7 {[%emt 0:00:01]} 44. Qb7+ {[%emt 0:00:07]} Kg6 {[%emt 0:00:21]} 45. Qxa7 {[%emt 0:00:05]} Qg8 {[%emt 0:00:10]} 46. Qd7 {[%emt 0:00:03]} Qa8+ {[%emt 0:00:02]} 47. Qc6 {[%emt 0:00:01]} Qg8 {[%emt 0:00:05]} 48. Qe4+ {[%emt 0:00:02]} Kg7 {[%emt 0:00:00]} 49. Rxd6 {[%emt 0:00:01]} a4 {[%emt 0:00:01]} 50. Rd7+ {[%emt 0:00:01]} Kh6 {[%emt 0:00:01]} 51. Qc6 {[%emt 0:00:05]} Qg6 {[%emt 0:00:03]} 52. Rd6 {[%emt 0:00:05]} Qc2+ {[%emt 0:00:01]} 53. Kf1 {[%emt 0:00:01]} Qc1+ {[%emt 0:00:01]} 54. Ke2 {[%emt 0:00:01]} Qxc4+ {[%emt 0:00:01]} 55. Ke3 {[%emt 0:00:03]} Qc3+ {[%emt 0:00:02]} 56. Ke4 {[%emt 0:00:02]} Kg6 {[%emt 0:00:05]} 57. Rxf6+ {[%emt 0:00:08]} Qxf6 {[%emt 0:00:01]} 58. Qxf6+ {[%emt 0:00:00]} Kxf6 {[%emt 0:00:00]} 59. b6 {[%emt 0:00:01]} a3 {[%emt 0:00:00]} 60. b7 {[%emt 0:00:01]} a2 {[%emt 0:00:00]} 61. b8=Q {[%emt 0:00:02]} a1=Q {[%emt 0:00:00]} 62. Qh8+ {[%emt 0:00:01] jncool68 abandonne} 1-0

[Event "TOP16-LaBourdannais"]
[Site "TOP16-LaBourdannais"]
[Date "2021.01.09"]
[Round "4"]
[White "Babota"]
[Black "Burrito2001"]
[Result "1-0"]
[WhiteElo "1569"]
[BlackElo "2037"]
[Annotator "NA RC"]
[PlyCount "117"]
[EventDate "2021.01.09"]
[EventType "blitz"]

1. e4 {[%emt 0:00:02]} c5 {[%emt 0:00:01]} 2. Nf3 {[%emt 0:00:02]} d6 {[%emt 0:00:01]} 3. Bb5+ {[%emt 0:00:01]} Nd7 {[%emt 0:00:02]} 4. Ba4 {[%emt 0:00:01]} Ngf6 {[%emt 0:00:02]} 5. O-O {[%emt 0:00:07]} a6 {[%emt 0:00:11]} 6. c4 {[%emt 0:00:04]} e5 {[%emt 0:00:09]} 7. Nc3 {[%emt 0:00:09]} Be7 {[%emt 0:00:03]} 8. a3 {[%emt 0:00:10]} O-O {[%emt 0:00:03]} 9. Rb1 {[%emt 0:00:02]} Nb6 {[%emt 0:00:10]} 10. h3 {[%emt 0:00:23]} Nxa4 {[%emt 0:00:10]} 11. Qxa4 {[%emt 0:00:00]} Bd7 {[%emt 0:00:01]} 12. Qc2 {[%emt 0:00:15]} b5 {[%emt 0:00:03]} 13. d3 {[%emt 0:00:03]} Rb8 {[%emt 0:00:06]} 14. b4 {[%emt 0:00:03]} cxb4 {[%emt 0:00:09]} 15. axb4 {[%emt 0:00:14]} bxc4 {[%emt 0:00:04]} 16. dxc4 {[%emt 0:00:00]} Qc7 {[%emt 0:00:01]} 17. Qd3 {[%emt 0:00:25]} Rfc8 {[%emt 0:00:12]} 18. Nd2 {[%emt 0:00:02]} a5 {[%emt 0:00:23]} 19. b5 {[%emt 0:00:12]} Be6 {[%emt 0:00:01]} 20. Nd5 {[%emt 0:00:04]} Bxd5 {[%emt 0:00:02]} 21. exd5 {[%emt 0:00:02]} Nd7 {[%emt 0:00:01]} 22. Ba3 {[%emt 0:00:03]} Nb6 {[%emt 0:00:35]} 23. Rfc1 {[%emt 0:00:07]} Bg5 {[%emt 0:00:02]} 24. c5 {[%emt 0:00:18]} dxc5 {[%emt 0:00:13]} 25. Rxc5 {[%emt 0:00:08]} Qd7 {[%emt 0:00:07]} 26. Ne4 {[%emt 0:00:17]} Bd8 {[%emt 0:00:06]} 27. d6 {[%emt 0:00:16]} f5 {[%emt 0:00:23]} 28. Ng3 {[%emt 0:00:31]} Rxc5 {[%emt 0:00:15]} 29. Bxc5 {[%emt 0:00:00]} g6 {[%emt 0:00:01]} 30. Bxb6 {[%emt 0:00:29]} Rxb6 {[%emt 0:00:19]} 31. Qd5+ {[%emt 0:00:04]} Kg7 {[%emt 0:00:08]} 32. Qxe5+ {[%emt 0:00:26]} Bf6 {[%emt 0:00:02]} 33. Qe1 {[%emt 0:00:34]} Rxb5 {[%emt 0:00:44]} 34. Rxb5 {[%emt 0:00:19]} Qxb5 {[%emt 0:00:00]} 35. Qe6 {[%emt 0:00:02]} a4 {[%emt 0:00:13]} 36. d7 {[%emt 0:00:02]} Qd3 {[%emt 0:00:05]} 37. Ne2 {[%emt 0:00:30]} a3 {[%emt 0:00:46]} 38. Nf4 {[%emt 0:00:04]} Qd1+ {[%emt 0:00:03]} 39. Kh2 {[%emt 0:00:02]} a2 {[%emt 0:00:07]} 40. Qxa2 {[%emt 0:00:16]} Qxd7 {[%emt 0:00:01]} 41. Ne6+ {[%emt 0:00:03]} Kg8 {[%emt 0:00:24]} 42. Ng5+ {[%emt 0:00:09]} Kg7 {[%emt 0:00:01]} 43. Ne6+ {[%emt 0:00:03]} Kh6 {[%emt 0:00:03]} 44. g3 {[%emt 0:00:01]} Qd6 {[%emt 0:00:06]} 45. h4 {[%emt 0:00:03]} Bxh4 {[%emt 0:00:04]} 46. Qc4 {[%emt 0:00:05]} Bf6 {[%emt 0:00:01]} 47. Qc8 {[%emt 0:00:03]} g5 {[%emt 0:00:06]} 48. Qe8 {[%emt 0:00:02]} Qe7 {[%emt 0:00:07]} 49. Qg8 {[%emt 0:00:02]} Be5 {[%emt 0:00:13]} 50. Kg2 {[%emt 0:00:07]} Qf6 {[%emt 0:00:06]} 51. f4 {[%emt 0:00:03]} gxf4 {[%emt 0:00:02]} 52. gxf4 {[%emt 0:00:00]} Bc3 {[%emt 0:00:01]} 53. Kf3 {[%emt 0:00:03]} Qg6 {[%emt 0:00:04]} 54. Qf8+ {[%emt 0:00:04]} Kh5 {[%emt 0:00:04]} 55. Ng5 {[%emt 0:00:03]} h6 {[%emt 0:00:04]} 56. Qa3 {[%emt 0:00:08]} Bf6 {[%emt 0:00:10]} 57. Kg2 {[%emt 0:00:02]} Bxg5 {[%emt 0:00:02]} 58. Qf3+ {[%emt 0:00:03]} Kh4 {[%emt 0:00:01]} 59. Qh3# {[%emt 0:00:01] Mate} 1-0

[Event "TOP16-LaBourdannais"]
[Site "TOP16-LaBourdannais"]
[Date "2021.01.09"]
[Round "5"]
[White "Lasker69"]
[Black "Soumcouy"]
[Result "1-0"]
[WhiteElo "2482"]
[BlackElo "2081"]
[Annotator "NA RC"]
[PlyCount "135"]
[EventDate "2021.01.09"]
[EventType "blitz"]

{Lasker69 reconnected.} 1. d4 {[%emt 0:01:20]} Nf6 {[%emt 0:00:03]} 2. c4 {[%emt 0:00:01] Lasker69 received Ill MvData=1. g8-f6 (310cs)} c5 {[%emt 0:00:01] Lasker69 kibitzing!?} 3. d5 {[%emt 0:00:05]} b5 {[%emt 0:00:02]} 4. cxb5 {[%emt 0:00:01]} a6 {[%emt 0:00:01] Lasker69 received Ill MvData=5. b7-b5 (155cs)} 5. b6 {[%emt 0:00:02] Lasker69 received Ill MvData=7. a7-a6 (91cs)} a5 {[%emt 0:00:01] Lasker69 kibitzing!?} 6. Nc3 {[%emt 0:00:09]} Ba6 {[%emt 0:00:01]} 7. e4 {[%emt 0:00:02] Lasker69 received Ill MvData=11. c8-a6 (134cs)} Bxf1 {[%emt 0:00:02]} 8. Kxf1 {[%emt 0:00:01]} d6 {[%emt 0:00:01] Lasker69 received Ill MvData=13. a6-f1 (156cs)} 9. f4 {[%emt 0:00:02] Lasker69 received Ill MvData=15. d7-d6 (84cs)} g6 {[%emt 0:00:03] Lasker69 kibitzing!?} 10. e5 {[%emt 0:00:05]} Nfd7 {[%emt 0:00:08] Lasker69 kibitzing!?} 11. Qa4 {[%emt 0:00:15]} e6 {[%emt 0:00:15] Lasker69 kibitzing!?} 12. Nb5 {[%emt 0:00:17]} Qxb6 {[%emt 0:00:04] Lasker69 kibitzing!?} 13. dxe6 {[%emt 0:00:04]} fxe6 {[%emt 0:00:02] Lasker69 kibitzing!?} 14. exd6 {[%emt 0:00:03]} Bxd6 {[%emt 0:00:02]} 15. Nf3 {[%emt 0:00:03] Lasker69 received Ill MvData=27. f8-d6 (168cs)} O-O {[%emt 0:00:06] Lasker69 kibitzing!?} 16. Qc4 {[%emt 0:00:11]} Be7 {[%emt 0:00:22] Lasker69 kibitzing!?} 17. Bd2 {[%emt 0:00:06]} Bf6 {[%emt 0:00:05] Lasker69 kibitzing!?} 18. Re1 {[%emt 0:00:04]} Re8 {[%emt 0:00:16] Lasker69 kibitzing!?} 19. Bc3 {[%emt 0:00:16]} Na6 {[%emt 0:00:05] Lasker69 kibitzing!?} 20. Kf2 {[%emt 0:00:17] Restarted W (13.22e) Black restart ok.} Nb4 {[%emt 0:00:08] Lasker69 kibitzing!?} 21. a4 {[%emt 0:00:37]} Nd5 {[%emt 0:00:03]} 22. Re2 {[%emt 0:00:03] Lasker69 kibitzing!?} Nxc3 {[%emt 0:00:08]} 23. bxc3 {[%emt 0:00:02] Lasker69 received Ill MvData=43. d5-c3 (823cs)} Rad8 {[%emt 0:00:21] Lasker69 kibitzing!?} 24. Rhe1 {[%emt 0:00:04]} Nf8 {[%emt 0:00:01] Lasker69 kibitzing!?} 25. Kg1 {[%emt 0:00:05]} Kg7 {[%emt 0:00:04]} 26. h3 {[%emt 0:00:02] Lasker69 received Ill MvData=49. g8-g7 (360cs)} h5 {[%emt 0:00:05] Lasker69 kibitzing!?} 27. Ne5 {[%emt 0:00:10]} Rd5 {[%emt 0:00:10] Lasker69 kibitzing!?} 28. Re3 {[%emt 0:00:22]} Bxe5 {[%emt 0:00:13]} 29. Rxe5 {[%emt 0:00:02] Lasker69 received Ill MvData=55. f6-e5 (1258cs)} Rxe5 {[%emt 0:00:02] Lasker69 kibitzing!?} 30. Rxe5 {[%emt 0:00:04]} Nd7 {[%emt 0:00:06] Lasker69 kibitzing!?} 31. Re2 {[%emt 0:00:04]} Nf6 {[%emt 0:00:04] Lasker69 kibitzing!?} 32. Re5 {[%emt 0:00:11]} Nd5 {[%emt 0:00:17] Lasker69 kibitzing!?} 33. Qe4 {[%emt 0:00:07]} Nf6 {[%emt 0:00:16] Lasker69 kibitzing!?} 34. Qc4 {[%emt 0:00:09]} Nd7 {[%emt 0:00:12]} 35. Rg5 {[%emt 0:00:03] Lasker69 received Ill MvData=67. f6-d7 (1173cs)} Rf8 {[%emt 0:00:02] Lasker69 kibitzing!?} 36. Qd3 {[%emt 0:00:08]} Rf7 {[%emt 0:00:22] Lasker69 kibitzing!?} 37. Qxg6+ {[%emt 0:00:04]} Kf8 {[%emt 0:00:01] Lasker69 kibitzing!?} 38. Qxh5 {[%emt 0:00:12]} Qc6 {[%emt 0:00:08] Lasker69 kibitzing!?} 39. Qh8+ {[%emt 0:00:04]} Ke7 {[%emt 0:00:01]} 40. Qh4 {[%emt 0:00:01] Lasker69 received Ill MvData=77. f8-e7 (140cs)} Kf8 {[%emt 0:00:05] Lasker69 kibitzing!?} 41. Rh5 {[%emt 0:00:03]} Ke8 {[%emt 0:00:20] Lasker69 kibitzing!?} 42. Rh8+ {[%emt 0:00:04]} Nf8 {[%emt 0:00:01] Lasker69 kibitzing!?} 43. Kh2 {[%emt 0:00:14]} Kd7 {[%emt 0:00:18] Lasker69 kibitzing!?} 44. Qg3 {[%emt 0:00:16]} Qe4 {[%emt 0:00:08] Lasker69 kibitzing!?} 45. f5 {[%emt 0:00:07]} e5 {[%emt 0:00:04] Lasker69 kibitzing!?} 46. Rh4 {[%emt 0:00:05]} Qxf5 {[%emt 0:00:03]} 47. Rg4 {[%emt 0:00:01] Lasker69 received Ill MvData=91. e4-f5 (337cs)} Ne6 {[%emt 0:00:04] Lasker69 kibitzing!?} 48. Qe3 {[%emt 0:00:06]} Rh7 {[%emt 0:00:13]} 49. Qd2+ {[%emt 0:00:02] Lasker69 received Ill MvData=95. f7-h7 (1274cs)} Ke7 {[%emt 0:00:07] Lasker69 kibitzing!?} 50. Qd6+ {[%emt 0:00:04]} Kf6 {[%emt 0:00:01] Lasker69 kibitzing!?} 51. Qd1 {[%emt 0:00:06]} Ke7 {[%emt 0:00:20] Lasker69 kibitzing!?} 52. Nd6 {[%emt 0:00:05]} Qf2 {[%emt 0:00:09]} 53. Ne4 {[%emt 0:00:02] Lasker69 received Ill MvData=103. f5-f2 (850cs)} Rxh3+ {[%emt 0:01:10] Lasker69 reconnected. Lasker69 kibitzing!?} 54. Kxh3 {[%emt 0:00:07]} Nf4+ {[%emt 0:00:01]} 55. Rxf4 {[%emt 0:00:02] Lasker69 received Ill MvData=107. e6-f4 (92cs)} Qxf4 {[%emt 0:00:02]} 56. Qf3 {[%emt 0:00:02] Lasker69 received Ill MvData=109. f2-f4 (156cs)} Qh6+ {[%emt 0:00:02]} 57. Kg3 {[%emt 0:00:01] Lasker69 received Ill MvData=111. f4-h6 (230cs)} Qg6+ {[%emt 0:00:03]} 58. Kf2 {[%emt 0:00:01] Lasker69 received Ill MvData=113. h6-g6 (281cs)} Qh6 {[%emt 0:00:03] Lasker69 kibitzing!?} 59. Qf5 {[%emt 0:00:11]} Qh4+ {[%emt 0:00:02] Lasker69 kibitzing!?} 60. g3 {[%emt 0:00:05]} Qh2+ {[%emt 0:00:02] Lasker69 kibitzing!?} 61. Kf3 {[%emt 0:00:04]} Qh1+ {[%emt 0:00:01]} 62. Kg4 {[%emt 0:00:01]} Qd1+ {[%emt 0:00:01] Lasker69 received Ill MvData=121. h2-h1 (95cs) Lasker69 kibitzing!?} 63. Kg5 {[%emt 0:00:05]} Qxa4 {[%emt 0:00:04]} 64. Qxe5+ {[%emt 0:00:02]} Kd8 {[%emt 0:00:01]} 65. Qd6+ {[%emt 0:00:03] Lasker69 kibitzing!?} Kc8 {[%emt 0:00:01] Lasker69 kibitzing!?} 66. Qxc5+ {[%emt 0:00:07]} Kb8 {[%emt 0:00:01] Lasker69 kibitzing!?} 67. Qb6+ {[%emt 0:00:04]} Ka8 {[%emt 0:00:01] Lasker69 kibitzing!?} 68. Nc5 {[%emt 0:00:07] Soumcouy abandonne} 1-0

[Event "TOP16-LaBourdannais"]
[Site "TOP16-LaBourdannais"]
[Date "2021.01.09"]
[Round "5"]
[White "Yvesandre2"]
[Black "ProfTerrieux"]
[Result "0-1"]
[WhiteElo "2356"]
[BlackElo "2437"]
[Annotator "TA"]
[PlyCount "70"]
[EventDate "2021.01.09"]
[EventType "blitz"]

{[%evp 13,70,12,18,0,-23,-46,-24,-24,-14,-24,-24,-14,-22,-32,-28,-46,-44,-49,-22,-27,-32,-27,-15,-15,0,-7,0,-50,-2,-6,-5,-7,0,-112,-114,-104,-104,-89,-96,-145,-162,-225,-198,-215,-229,-333,-337,-784,-741,-956,-211,-170,-38,-33,-35,-28,0,0,0]} 1. e4 c5 2. Nf3 e6 3. d4 cxd4 4. Nxd4 Nf6 5. Nc3 Nc6 6. g3 d5 7. Bg2 Qb6 8. Nxc6 {B45: Sicilian Four Knights.} bxc6 9. O-O Be7 10. b3 {Black has an edge.} O-O {[#]} 11. Bb2 $146 ({Predecessor:} 11. Be3 Qc7 12. f4 Rd8 13. e5 Nd7 14. Qg4 Ba6 15. Ne2 Rab8 16. c4 dxc4 17. Rfc1 {1-0 (37) Nesterenko,P (2331)-Rakitskij,D (2268) Minsk 2006}) 11... Ba6 12. Re1 Rfd8 13. e5 Nd7 14. Na4 Qc7 15. Qf3 Bf8 16. c4 Nb6 17. Nxb6 axb6 18. cxd5 cxd5 19. Rac1 Qb7 20. Bd4 b5 21. Rc2 b4 22. Rec1 {aiming for Rc7.} Rdc8 23. Bc5 (23. Bf1 $11) 23... Bxc5 24. Rxc5 Rxc5 25. Rxc5 Bb5 $1 26. Rc2 Rc8 $1 {[%cal Rc8c2]} 27. Qd1 {[#]} (27. Rxc8+ {was necessary.} Qxc8 28. h4) 27... Rc3 $1 $19 {Strongly threatening ...Qc7.} 28. a4 Ba6 {And now ...Qc8 would win.} 29. Rxc3 (29. Ra2 $142) 29... bxc3 30. Qc2 $2 (30. Be4 Qb6 31. Bc2) 30... Qb4 31. Bf1 {[#]} Bxf1 $2 (31... Qe4 $1 32. Qxe4 dxe4 33. Bxa6 c2) 32. Kxf1 h6 ({Black should try} 32... d4 $19 {Threatens to win with ...Qc5.} 33. Ke2 Qc5) 33. Ke2 $1 $15 Qd4 34. f4 Qb4 35. Ke3 Kf8 {[%mdl 32768] Weighted Error Value: White=0.45/Black=0.32. Sensor Board Error (Ke4/e5)?} 0-1